[Event "2017"]
[Site "Bastia"]
[Date "2017.10.21"]
[Round "4.5"]
[White "Lagarde, Maxime"]
[Black "Puranik, Abhimanyu"]
[Result "1/2-1/2"]
[BlackElo "2509"]
[WhiteElo "2594"]
[LiveChessVersion "1.4.6"]

1. Nf3 {[%clk 1:29:36]} Nf6 {[%clk 1:30:53]} 2. c4 {[%clk 1:30:02]} g6
{[%clk 1:31:05]} 3. Nc3 {[%clk 1:27:42]} d5 {[%clk 1:31:30]} 4. cxd5
{[%clk 1:28:09]} Nxd5 {[%clk 1:31:57]} 5. Qb3 {[%clk 1:28:33]} Nb6
{[%clk 1:32:16]} 6. d4 {[%clk 1:28:58]} Bg7 {[%clk 1:32:40]} 7. e4
{[%clk 1:29:11]} Bg4 {[%clk 1:32:34]} 8. Be3 {[%clk 1:28:23]} O-O
{[%clk 1:32:40]} 9. Rd1 {[%clk 1:27:46]} Nc6 {[%clk 1:33:02]} 10. d5
{[%clk 1:28:06]} Ne5 {[%clk 1:33:28]} 11. Be2 {[%clk 1:28:31]} Nxf3+
{[%clk 1:33:54]} 12. gxf3 {[%clk 1:28:57]} Bh5 {[%clk 1:34:20]} 13. O-O
{[%clk 1:29:18]} Qc8 {[%clk 1:32:33]} 14. Nb5 {[%clk 1:28:54]} c5
{[%clk 1:25:58]} 15. Bxc5 {[%clk 0:39:49]} Qxc5 {[%clk 1:26:19]} 16. Rc1
{[%clk 0:40:16]} Nc4 {[%clk 1:26:39]} 17. Qxc4 {[%clk 0:40:27]} Qb6
{[%clk 1:25:09]} 18. d6 {[%clk 0:39:00]} exd6 {[%clk 1:22:00]} 19. Rfd1
{[%clk 0:37:09]} Be5 {[%clk 1:18:46]} 20. Qc7 {[%clk 0:32:25]} Bxh2+
{[%clk 1:17:32]} 21. Kg2 {[%clk 0:32:29]} Bf4 {[%clk 1:17:55]} 22. Rc2
{[%clk 0:30:25]} Rfc8 {[%clk 1:11:11]} 23. Qxc8+ {[%clk 0:14:41]} Rxc8
{[%clk 1:11:32]} 24. Rxc8+ {[%clk 0:15:09]} Kg7 {[%clk 1:11:55]} 25. b4
{[%clk 0:12:19]} Be5 {[%clk 0:57:38]} 26. a3 {[%clk 0:04:09]} a5 {[%clk 0:47:40]}
27. Nc7 {[%clk 0:02:12]} axb4 {[%clk 0:46:38]} 28. Nd5 {[%clk 0:02:36]} Qa7
{[%clk 0:45:27]} 29. axb4 {[%clk 0:02:59]} Qa2 {[%clk 0:43:35]} 30. Kf1
{[%clk 0:00:53]} Qb3 {[%clk 0:41:14]} 31. Kg2 {[%clk 0:00:33]} g5
{[%clk 0:39:04]} 32. Rc7 {[%clk 0:00:35]} b5 {[%clk 0:38:09]} 33. Rh1
{[%clk 0:00:36]} Bg6 {[%clk 0:38:10]} 34. Bxb5 {[%clk 0:00:41]} g4
{[%clk 0:37:51]} 35. Be2 {[%clk 0:00:59]} h5 {[%clk 0:37:46]} 36. Bd1
{[%clk 0:00:35]} Qd3 {[%clk 0:37:33]} 37. Ne3 {[%clk 0:00:35]} g3
{[%clk 0:35:48]} 38. Nc4 {[%clk 0:00:33]} gxf2 {[%clk 0:32:29]} 39. Nxe5
{[%clk 0:00:55]} dxe5 {[%clk 0:32:55]} 40. Kxf2 {[%clk 0:00:39]} Qd4+
{[%clk 0:33:15]} 41. Kg2 {[%clk 0:00:32]} Qd2+ {[%clk 0:32:16]} 42. Kh3
{[%clk 0:00:57]} Qxb4 {[%clk 0:32:09]} 43. Rc2 {[%clk 0:00:54]} Qa3
{[%clk 0:30:42]} 44. Rg1 {[%clk 0:00:58]} Kh6 {[%clk 0:30:22]} 45. Kh2
{[%clk 0:01:05]} Qe3 {[%clk 0:30:42]} 46. Kh1 {[%clk 0:00:43]} Qf4
{[%clk 0:30:15]} 47. Rcg2 {[%clk 0:00:39]} Qh4+ {[%clk 0:29:58]} 48. Rh2
{[%clk 0:01:05]} Qf4 {[%clk 0:30:22]} 49. Rhg2 {[%clk 0:01:33]} Qh4+
{[%clk 0:30:40]} 50. Rh2 Qf4 {[%clk 0:30:26]} 51. Rhg2 {[%clk 0:02:28]} Qh4+
{[%clk 0:30:53]} 1/2-1/2

[Event "2017"]
[Site "Bastia"]
[Date "2017.10.21"]
[Round "4.6"]
[White "Malakhatko, Vadim"]
[Black "Jumabayev, Rinat"]
[Result "1/2-1/2"]
[BlackElo "2603"]
[WhiteElo "2511"]
[LiveChessVersion "1.4.6"]

1. d4 {[%clk 1:30:54]} Nf6 {[%clk 1:30:19]} 2. c4 {[%clk 1:31:15]} e6
{[%clk 1:30:37]} 3. Nc3 {[%clk 1:31:15]} Bb4 {[%clk 1:31:00]} 4. Qc2
{[%clk 1:31:38]} O-O {[%clk 1:29:58]} 5. a3 {[%clk 1:32:02]} Bxc3+
{[%clk 1:30:25]} 6. Qxc3 {[%clk 1:32:24]} b6 {[%clk 1:27:45]} 7. Bg5
{[%clk 1:31:51]} Bb7 {[%clk 1:24:00]} 8. f3 {[%clk 1:31:34]} d6 {[%clk 1:17:14]}
9. Nh3 {[%clk 1:27:56]} h6 {[%clk 1:15:30]} 10. Bh4 {[%clk 1:28:19]} Nbd7
{[%clk 1:15:51]} 11. e3 {[%clk 1:12:38]} c5 {[%clk 0:59:14]} 12. dxc5
{[%clk 1:11:00]} bxc5 {[%clk 0:59:34]} 13. Nf2 {[%clk 1:10:29]} Qb6
{[%clk 0:55:20]} 14. Be2 {[%clk 1:07:48]} d5 {[%clk 0:55:26]} 15. O-O
{[%clk 1:07:42]} a5 {[%clk 0:54:57]} 16. Rfd1 {[%clk 1:07:27]} a4
{[%clk 0:53:52]} 17. Rac1 {[%clk 1:03:17]} Rfc8 {[%clk 0:52:58]} 18. h3
{[%clk 1:02:31]} Qc7 {[%clk 0:42:18]} 19. Ng4 {[%clk 1:00:08]} Nxg4
{[%clk 0:41:05]} 20. hxg4 {[%clk 1:00:31]} Ba6 {[%clk 0:41:19]} 21. Qd2
{[%clk 0:46:42]} Nb6 {[%clk 0:36:00]} 22. cxd5 {[%clk 0:45:59]} exd5
{[%clk 0:36:28]} 23. Bxa6 {[%clk 0:45:26]} Rxa6 {[%clk 0:36:56]} 24. Qe2
{[%clk 0:45:48]} Raa8 {[%clk 0:33:23]} 25. Bf2 {[%clk 0:45:57]} Qe7
{[%clk 0:32:46]} 26. Rc2 {[%clk 0:45:32]} Qe8 {[%clk 0:25:37]} 27. Qd3
{[%clk 0:39:59]} Ra5 {[%clk 0:24:08]} 28. Qe2 {[%clk 0:33:10]} Rb5
{[%clk 0:13:44]} 29. Rdc1 {[%clk 0:33:01]} Qd7 {[%clk 0:14:01]} 30. Kh1
{[%clk 0:29:53]} c4 {[%clk 0:11:41]} 31. Rd1 {[%clk 0:29:02]} Qb7
{[%clk 0:09:47]} 32. e4 {[%clk 0:13:38]} Re8 {[%clk 0:08:52]} 33. Rd4
{[%clk 0:13:56]} Rb3 {[%clk 0:02:23]} 34. Qe1 {[%clk 0:10:50]} dxe4
{[%clk 0:01:04]} 35. Rxe4 {[%clk 0:11:11]} Rxe4 {[%clk 0:01:24]} 36. Qxe4
{[%clk 0:11:35]} Qxe4 {[%clk 0:01:39]} 37. fxe4 {[%clk 0:11:59]} c3
{[%clk 0:01:55]} 38. Rxc3 {[%clk 0:11:14]} Rxc3 {[%clk 0:02:20]} 39. bxc3
{[%clk 0:11:37]} Nc4 {[%clk 0:02:49]} 40. Bc5 {[%clk 0:11:59]} Nd2
{[%clk 0:00:41]} 41. Bb4 {[%clk 0:04:26]} Nxe4 {[%clk 0:00:46]} 42. Kh2
{[%clk 0:04:42]} f6 {[%clk 0:00:54]} 43. c4 {[%clk 0:04:43]} Kf7 {[%clk 0:00:54]}
44. c5 {[%clk 0:03:13]} Ke6 {[%clk 0:00:58]} 45. c6 {[%clk 0:03:37]} g5
{[%clk 0:00:38]} 46. Kg1 {[%clk 0:03:54]} Nd6 {[%clk 0:00:36]} 47. c7
{[%clk 0:03:38]} Nc8 {[%clk 0:01:03]} 48. Bf8 {[%clk 0:01:43]} Kd7
{[%clk 0:01:22]} 49. Bxh6 {[%clk 0:02:07]} Nd6 {[%clk 0:00:54]} 50. Kf2
{[%clk 0:02:15]} Kxc7 {[%clk 0:00:44]} 51. Bf8 {[%clk 0:01:34]} Nc4
{[%clk 0:00:38]} 52. Be7 {[%clk 0:01:12]} Ne5 {[%clk 0:01:00]} 53. Kg3
{[%clk 0:01:35]} Nd7 {[%clk 0:01:04]} 54. Kf3 {[%clk 0:01:51]} Ne5+
{[%clk 0:01:17]} 55. Kg3 {[%clk 0:02:15]} Nd7 {[%clk 0:01:42]} 56. Kf3
{[%clk 0:02:40]} Ne5+ {[%clk 0:02:08]} 57. Ke4 1/2-1/2

[Event "2017"]
[Site "Bastia"]
[Date "2017.10.21"]
[Round "4.7"]
[White "Tregubov, Pavel V."]
[Black "Flom, Gabriel"]
[Result "1/2-1/2"]
[BlackElo "2448"]
[WhiteElo "2589"]
[LiveChessVersion "1.4.6"]

1. c4 {[%clk 1:30:55]} Nf6 {[%clk 1:29:20]} 2. Nc3 {[%clk 1:31:07]} e5
{[%clk 1:28:17]} 3. Nf3 {[%clk 1:30:25]} Nc6 {[%clk 1:27:14]} 4. g3
{[%clk 1:30:48]} d5 {[%clk 1:26:11]} 5. cxd5 {[%clk 1:31:11]} Nxd5
{[%clk 1:26:39]} 6. Bg2 {[%clk 1:31:33]} Nb6 {[%clk 1:27:01]} 7. O-O
{[%clk 1:31:55]} Be7 {[%clk 1:25:18]} 8. b3 {[%clk 1:32:19]} O-O {[%clk 1:25:01]}
9. Bb2 {[%clk 1:32:45]} f6 {[%clk 1:20:30]} 10. Rc1 {[%clk 1:32:29]} Be6
{[%clk 1:20:56]} 11. Ne4 {[%clk 1:22:14]} Qd7 {[%clk 1:19:04]} 12. d4
{[%clk 1:18:57]} exd4 {[%clk 1:15:33]} 13. Nxd4 {[%clk 1:17:27]} Nxd4
{[%clk 1:15:58]} 14. Qxd4 {[%clk 1:16:40]} Rad8 {[%clk 1:04:43]} 15. Nc5
{[%clk 1:02:26]} Bxc5 {[%clk 1:04:51]} 16. Qxc5 {[%clk 1:02:39]} c6
{[%clk 1:04:27]} 17. Qc2 {[%clk 0:58:17]} Qd2 {[%clk 1:00:03]} 18. Bc3
{[%clk 0:50:52]} Qxc2 {[%clk 1:00:24]} 19. Rxc2 {[%clk 0:51:19]} Rfe8
{[%clk 0:51:55]} 20. Rfc1 {[%clk 0:50:36]} Bf5 {[%clk 0:50:09]} 21. Rb2
{[%clk 0:51:01]} Nd5 {[%clk 0:48:57]} 22. Be1 {[%clk 0:49:21]} Rd7
{[%clk 0:44:53]} 23. Rd2 {[%clk 0:40:31]} Rde7 {[%clk 0:42:08]} 24. e3
{[%clk 0:40:37]} Be4 {[%clk 0:39:35]} 25. f3 {[%clk 0:36:01]} Bg6
{[%clk 0:39:40]} 26. e4 {[%clk 0:36:25]} Nb6 {[%clk 0:32:23]} 27. g4
{[%clk 0:32:41]} h5 {[%clk 0:32:50]} 28. h3 {[%clk 0:32:39]} hxg4
{[%clk 0:30:01]} 29. hxg4 {[%clk 0:31:25]} Nd7 {[%clk 0:30:17]} 30. Bf2
{[%clk 0:31:16]} a6 {[%clk 0:28:44]} 31. Rcd1 {[%clk 0:31:21]} Ne5
{[%clk 0:28:06]} 32. Bc5 {[%clk 0:31:20]} Rc7 {[%clk 0:18:11]} 33. Kf2
{[%clk 0:22:56]} Bf7 {[%clk 0:17:07]} 34. Bb6 {[%clk 0:20:16]} Rcc8
{[%clk 0:16:15]} 35. Rd6 {[%clk 0:12:17]} c5 {[%clk 0:14:48]} 36. Kg3
{[%clk 0:10:02]} c4 {[%clk 0:14:21]} 37. f4 {[%clk 0:08:58]} cxb3
{[%clk 0:11:58]} 38. fxe5 {[%clk 0:08:38]} Rc3+ {[%clk 0:11:58]} 39. Bf3
{[%clk 0:07:28]} bxa2 {[%clk 0:11:36]} 40. Bd4 {[%clk 0:06:40]} Ra3
{[%clk 0:09:33]} 41. exf6 {[%clk 0:03:43]} Rxe4 {[%clk 0:09:17]} 42. Ba1
{[%clk 0:02:18]} Ree3 {[%clk 0:08:07]} 43. Rf1 {[%clk 0:02:15]} gxf6
{[%clk 0:06:28]} 44. Kf4 {[%clk 0:02:19]} Reb3 {[%clk 0:05:38]} 45. Bxf6
{[%clk 0:01:43]} Rb1 {[%clk 0:03:02]} 46. Rd8+ {[%clk 0:01:36]} Be8
{[%clk 0:03:10]} 47. Rxe8+ {[%clk 0:00:50]} Kf7 {[%clk 0:03:36]} 48. Ree1
{[%clk 0:01:06]} Rxe1 {[%clk 0:03:20]} 49. Rxe1 {[%clk 0:01:33]} Kxf6
{[%clk 0:03:43]} 50. g5+ {[%clk 0:01:34]} Kg7 {[%clk 0:04:03]} 51. Ra1
{[%clk 0:01:58]} Ra4+ {[%clk 0:03:39]} 52. Kf5 {[%clk 0:01:04]} Ra5+
{[%clk 0:03:09]} 53. Kg4 {[%clk 0:01:17]} Ra4+ {[%clk 0:03:33]} 54. Kf5
{[%clk 0:00:58]} Ra5+ {[%clk 0:03:42]} 55. Kf4 {[%clk 0:01:23]} Ra4+
{[%clk 0:01:56]} 56. Ke5 {[%clk 0:01:46]} Kg6 {[%clk 0:01:02]} 57. Bxb7
{[%clk 0:02:05]} Kxg5 {[%clk 0:01:16]} 58. Bd5 {[%clk 0:02:32]} Kg4
{[%clk 0:01:17]} 59. Bb3 {[%clk 0:01:52]} Ra3 {[%clk 0:01:36]} 60. Bc4
{[%clk 0:01:33]} Kg3 {[%clk 0:01:25]} 61. Kd4 {[%clk 0:01:43]} a5
{[%clk 0:01:31]} 62. Bd3 {[%clk 0:01:33]} Kf2 {[%clk 0:01:43]} 63. Kc4
{[%clk 0:01:36]} Ke3 {[%clk 0:00:50]} 64. Bc2 {[%clk 0:01:33]} Kd2
{[%clk 0:00:53]} 65. Bb3 {[%clk 0:00:58]} a4 {[%clk 0:00:56]} 66. Bxa2
{[%clk 0:01:05]} Kc2 {[%clk 0:00:48]} 67. Kb4 {[%clk 0:01:05]} Kb2
{[%clk 0:00:49]} 68. Rh1 {[%clk 0:01:21]} Rxa2 69. Rh2+ {[%clk 0:01:46]} Kb1
{[%clk 0:01:28]} 70. Rxa2 {[%clk 0:02:12]} Kxa2 {[%clk 0:01:53]} 71. Kxa4
{[%clk 0:02:39]} 1/2-1/2

[Event "2017"]
[Site "Bastia"]
[Date "2017.10.21"]
[Round "4.8"]
[White "Dimitrov, Radoslav"]
[Black "Xu, Yinglun"]
[Result "1/2-1/2"]
[BlackElo "2526"]
[WhiteElo "2450"]
[LiveChessVersion "1.4.6"]

1. d4 {[%clk 1:20:24]} d5 {[%clk 1:30:36]} 2. Bg5 {[%clk 1:20:42]} Nf6
{[%clk 1:25:28]} 3. Bxf6 {[%clk 1:20:59]} exf6 {[%clk 1:25:50]} 4. e3
{[%clk 1:21:05]} c6 {[%clk 1:25:43]} 5. Nd2 {[%clk 1:20:50]} Bd6 {[%clk 1:25:37]}
6. g3 {[%clk 1:20:54]} Be6 {[%clk 1:24:46]} 7. Bg2 {[%clk 1:21:05]} Nd7
{[%clk 1:24:48]} 8. Ne2 {[%clk 1:20:50]} O-O {[%clk 1:23:38]} 9. O-O
{[%clk 1:21:10]} f5 {[%clk 1:22:29]} 10. Rc1 {[%clk 1:10:52]} Qb6
{[%clk 1:14:41]} 11. b3 {[%clk 1:02:50]} Qa5 {[%clk 1:13:37]} 12. c3
{[%clk 0:59:33]} Qxa2 {[%clk 1:04:25]} 13. Ra1 {[%clk 0:59:23]} Qb2
{[%clk 1:04:51]} 14. Nf3 {[%clk 0:52:30]} a5 {[%clk 0:59:31]} 15. Rb1
{[%clk 0:22:30]} Qa3 {[%clk 0:59:56]} 16. Ra1 {[%clk 0:22:56]} Qb2
{[%clk 1:00:22]} 17. Rb1 {[%clk 0:21:55]} Qa3 {[%clk 1:00:46]} 18. Ra1
{[%clk 0:22:22]} Qb2 19. Ng5 a4 20. bxa4 Qb6 21. Nxe6 fxe6 22. Qc2 Qa6 23. Rfb1
b5 24. Bf1 Rfc8 25. axb5 Qxa1 26. Rxa1 Rxa1 27. Qb2 Ra7 28. Nf4 Kf7 29. b6 Rb7
1/2-1/2

[Event "2017"]
[Site "Bastia"]
[Date "2017.10.21"]
[Round "5.2"]
[White "Dreev, Aleksey"]
[Black "Malakhatko, Vadim"]
[Result "1-0"]
[BlackElo "2511"]
[WhiteElo "2652"]
[LiveChessVersion "1.4.6"]

1. d4 {[%clk 1:30:58]} d5 {[%clk 1:30:52]} 2. c4 {[%clk 1:31:19]} dxc4
{[%clk 1:31:13]} 3. Nf3 {[%clk 1:31:26]} a6 {[%clk 1:31:18]} 4. e3
{[%clk 1:29:48]} Bg4 {[%clk 1:25:45]} 5. h3 {[%clk 1:23:04]} Bh5 {[%clk 1:25:41]}
6. Nc3 {[%clk 1:19:08]} e6 {[%clk 1:20:27]} 7. g4 {[%clk 1:17:47]} Bg6
{[%clk 1:20:51]} 8. Ne5 {[%clk 1:18:14]} Nd7 {[%clk 1:19:43]} 9. Nxg6
{[%clk 1:17:51]} hxg6 {[%clk 1:20:07]} 10. Bxc4 {[%clk 1:18:14]} Nb6
{[%clk 1:02:19]} 11. Bf1 {[%clk 1:16:22]} c5 {[%clk 0:56:43]} 12. dxc5
{[%clk 1:10:01]} Qxd1+ {[%clk 0:53:22]} 13. Kxd1 {[%clk 1:08:55]} Bxc5
{[%clk 0:53:45]} 14. Bg2 {[%clk 1:09:07]} O-O-O+ {[%clk 0:54:08]} 15. Ke2
{[%clk 1:09:19]} Kb8 {[%clk 0:45:27]} 16. Ne4 {[%clk 1:00:34]} Be7
{[%clk 0:45:15]} 17. Bd2 {[%clk 1:00:01]} f5 {[%clk 0:30:25]} 18. Ba5
{[%clk 0:58:58]} Ka7 {[%clk 0:30:50]} 19. Nd2 {[%clk 0:58:53]} Bf6
{[%clk 0:24:28]} 20. f4 {[%clk 0:46:58]} g5 {[%clk 0:07:25]} 21. fxg5
{[%clk 0:42:28]} Bxg5 {[%clk 0:07:51]} 22. Rac1 {[%clk 0:42:21]} fxg4
{[%clk 0:01:21]} 23. Nc4 {[%clk 0:39:00]} Nxc4 {[%clk 0:01:43]} 24. Bxd8
{[%clk 0:39:17]} Bxd8 {[%clk 0:02:07]} 25. Rxc4 {[%clk 0:39:43]} gxh3
{[%clk 0:02:31]} 26. Rxh3 {[%clk 0:39:51]} Nh6 {[%clk 0:02:38]} 27. Rc8
{[%clk 0:37:55]} Rf8 {[%clk 0:03:03]} 28. Rf3 {[%clk 0:34:08]} Nf5
{[%clk 0:03:22]} 29. Bh3 {[%clk 0:34:15]} g6 {[%clk 0:03:44]} 30. Bxf5
{[%clk 0:32:12]} gxf5 {[%clk 0:03:52]} 31. Rh3 {[%clk 0:32:04]} Rg8
{[%clk 0:01:32]} 32. Kf1 {[%clk 0:29:38]} Rf8 {[%clk 0:00:51]} 33. Rh7
{[%clk 0:28:55]} Kb6 {[%clk 0:00:48]} 34. Ke2 {[%clk 0:28:23]} Be7
{[%clk 0:00:41]} 35. Rxf8 {[%clk 0:28:30]} Bxf8 {[%clk 0:01:08]} 36. Rf7
{[%clk 0:28:46]} Bd6 {[%clk 0:01:15]} 37. Rf6 {[%clk 0:29:11]} Kc6
{[%clk 0:01:40]} 38. Rxe6 {[%clk 0:29:27]} Kd5 {[%clk 0:02:03]} 39. Rf6
{[%clk 0:27:27]} Ke5 {[%clk 0:02:27]} 40. Rh6 {[%clk 0:25:49]} Bc5
{[%clk 0:01:41]} 41. Kd3 {[%clk 0:24:31]} Kd5 {[%clk 0:01:38]} 42. Rh7
{[%clk 0:22:19]} b6 {[%clk 0:01:32]} 43. Rh5 {[%clk 0:20:17]} Ke6
{[%clk 0:01:57]} 44. e4 {[%clk 0:16:46]} fxe4+ {[%clk 0:02:22]} 45. Kxe4
{[%clk 0:17:14]} Bf8 {[%clk 0:02:46]} 46. Rh8 {[%clk 0:17:08]} Be7
{[%clk 0:00:54]} 47. Rh6+ {[%clk 0:17:03]} Bf6 {[%clk 0:01:19]} 48. Rxf6+
{[%clk 0:15:54]} Kxf6 {[%clk 0:01:44]} 49. Kd5 {[%clk 0:16:21]} 1-0

[Event "2017"]
[Site "Bastia"]
[Date "2017.10.21"]
[Round "5.3"]
[White "Onischuk, Vladimir"]
[Black "Raja Harshit"]
[Result "1-0"]
[BlackElo "2423"]
[WhiteElo "2623"]
[LiveChessVersion "1.4.6"]

1. e4 {[%clk 1:30:57]} c5 {[%clk 1:30:45]} 2. Nf3 {[%clk 1:31:21]} d6
{[%clk 1:31:02]} 3. d4 {[%clk 1:31:37]} cxd4 {[%clk 1:31:07]} 4. Nxd4
{[%clk 1:32:03]} Nf6 {[%clk 1:31:25]} 5. Nc3 {[%clk 1:32:27]} a6 {[%clk 1:31:45]}
6. a4 {[%clk 1:32:43]} e5 {[%clk 1:31:37]} 7. Nf3 {[%clk 1:33:09]} Be7
{[%clk 1:31:25]} 8. Bc4 {[%clk 1:33:32]} O-O {[%clk 1:31:47]} 9. O-O
{[%clk 1:33:57]} Be6 {[%clk 1:32:09]} 10. Qe2 {[%clk 1:34:16]} Qc7
{[%clk 1:32:05]} 11. Ba2 {[%clk 1:34:30]} Nc6 {[%clk 1:31:35]} 12. Rd1
{[%clk 1:34:47]} Rac8 {[%clk 1:30:17]} 13. Bg5 {[%clk 1:28:40]} Nh5
{[%clk 1:30:39]} 14. Be3 {[%clk 1:25:46]} Nb4 {[%clk 1:16:47]} 15. Bb3
{[%clk 1:25:12]} Bc4 {[%clk 1:12:19]} 16. Qd2 {[%clk 1:19:21]} f5
{[%clk 1:02:50]} 17. exf5 {[%clk 1:18:28]} Rxf5 {[%clk 1:02:53]} 18. a5
{[%clk 1:17:13]} Nf4 {[%clk 0:56:57]} 19. Ra4 {[%clk 1:05:39]} Bxb3
{[%clk 0:53:27]} 20. cxb3 {[%clk 1:03:44]} d5 {[%clk 0:45:34]} 21. Bxf4
{[%clk 0:57:48]} exf4 {[%clk 0:45:34]} 22. Qe2 Rcf8 {[%clk 0:38:22]} 23. Rd4
{[%clk 0:48:50]} Nc6 {[%clk 0:29:53]} 24. Rxd5 {[%clk 0:49:05]} Rxd5
{[%clk 0:28:24]} 25. Nxd5 {[%clk 0:49:30]} Qd6 {[%clk 0:28:45]} 26. Nxe7+
{[%clk 0:41:32]} Qxe7 {[%clk 0:25:34]} 27. Re4 {[%clk 0:40:17]} Qc5
{[%clk 0:25:07]} 28. h4 {[%clk 0:40:16]} Qxa5 {[%clk 0:20:56]} 29. Qc4+
{[%clk 0:39:34]} Kh8 {[%clk 0:21:22]} 30. Ng5 {[%clk 0:36:00]} h6
{[%clk 0:16:51]} 31. Nf7+ {[%clk 0:26:59]} Kh7 {[%clk 0:17:15]} 32. Rxf4
{[%clk 0:26:45]} Qe1+ {[%clk 0:17:18]} 33. Kh2 {[%clk 0:27:11]} Ne5
{[%clk 0:17:25]} 34. Qc2+ {[%clk 0:26:21]} Kg8 {[%clk 0:17:30]} 35. Re4
{[%clk 0:25:39]} Ng4+ {[%clk 0:17:46]} 36. Rxg4 {[%clk 0:26:04]} Rxf7
{[%clk 0:18:11]} 37. Re4 {[%clk 0:26:15]} Rc7 {[%clk 0:17:32]} 38. Qd3
{[%clk 0:26:33]} Qa5 {[%clk 0:16:55]} 39. Qd8+ {[%clk 0:25:58]} Kh7
{[%clk 0:17:19]} 40. Re7 {[%clk 0:26:03]} 1-0

[Event "2017"]
[Site "Bastia"]
[Date "2017.10.21"]
[Round "5.4"]
[White "Anurag, Mhamal"]
[Black "Zubov, Alexander"]
[Result "0-1"]
[BlackElo "2623"]
[WhiteElo "2487"]
[LiveChessVersion "1.4.6"]

1. Nf3 {[%clk 1:30:22]} g6 {[%clk 1:28:53]} 2. g3 {[%clk 1:26:23]} Bg7
{[%clk 1:29:14]} 3. d4 {[%clk 1:24:06]} d5 {[%clk 1:27:42]} 4. Bg2
{[%clk 1:23:47]} c6 {[%clk 1:27:32]} 5. O-O {[%clk 1:13:10]} Nf6 {[%clk 1:27:42]}
6. c3 {[%clk 1:01:50]} O-O {[%clk 1:27:06]} 7. Nbd2 {[%clk 1:01:50]} Bf5
{[%clk 1:25:17]} 8. Nh4 {[%clk 0:52:31]} Bg4 {[%clk 1:23:03]} 9. h3
{[%clk 0:51:44]} Bc8 {[%clk 1:21:30]} 10. Nhf3 {[%clk 0:44:58]} Nbd7
{[%clk 1:16:18]} 11. c4 {[%clk 0:44:26]} e6 {[%clk 1:08:33]} 12. Qc2
{[%clk 0:35:50]} Re8 {[%clk 1:04:43]} 13. Rd1 {[%clk 0:33:36]} Qe7
{[%clk 0:57:46]} 14. e4 {[%clk 0:29:51]} Nxe4 {[%clk 0:55:32]} 15. Nxe4
{[%clk 0:30:19]} dxe4 {[%clk 0:55:58]} 16. Qxe4 {[%clk 0:30:01]} e5
{[%clk 0:56:13]} 17. d5 {[%clk 0:27:03]} f5 {[%clk 0:54:40]} 18. Qc2
{[%clk 0:21:26]} e4 {[%clk 0:52:02]} 19. Nd4 {[%clk 0:12:59]} Ne5
{[%clk 0:49:41]} 20. Bf4 {[%clk 0:10:03]} Bd7 {[%clk 0:36:45]} 21. Qb3
{[%clk 0:04:50]} Rab8 {[%clk 0:36:27]} 22. Nc2 {[%clk 0:04:20]} c5
{[%clk 0:31:22]} 23. a4 {[%clk 0:03:19]} b6 {[%clk 0:29:20]} 24. h4
{[%clk 0:01:21]} h6 {[%clk 0:28:00]} 25. Ne3 {[%clk 0:01:05]} Kh7
{[%clk 0:25:39]} 26. Qc2 {[%clk 0:00:37]} a5 {[%clk 0:23:29]} 27. b3
{[%clk 0:00:33]} Rbd8 {[%clk 0:20:48]} 28. Ra2 {[%clk 0:00:50]} Bc8
{[%clk 0:20:53]} 29. Qe2 {[%clk 0:00:34]} Nd3 {[%clk 0:16:49]} 30. Rxd3
{[%clk 0:01:02]} exd3 {[%clk 0:17:11]} 31. Qxd3 {[%clk 0:01:31]} Be5
{[%clk 0:16:19]} 32. h5 {[%clk 0:02:00]} Bxf4 {[%clk 0:16:33]} 33. hxg6+
{[%clk 0:02:28]} Kxg6 {[%clk 0:16:19]} 34. gxf4 {[%clk 0:02:51]} Qd6
{[%clk 0:16:25]} 35. Re2 {[%clk 0:01:01]} Qxf4 {[%clk 0:16:25]} 36. Nf1
{[%clk 0:01:14]} Re5 {[%clk 0:10:10]} 37. Re3 {[%clk 0:00:33]} Rxe3
{[%clk 0:10:03]} 38. fxe3 {[%clk 0:00:35]} Qe5 {[%clk 0:09:47]} 39. Kf2
{[%clk 0:00:47]} Kf6 {[%clk 0:07:50]} 40. Ng3 {[%clk 0:00:51]} f4
{[%clk 0:07:53]} 41. Ne4+ {[%clk 0:00:33]} Kg7 {[%clk 0:08:20]} 42. exf4
{[%clk 0:00:40]} Qxf4+ {[%clk 0:08:37]} 43. Kg1 {[%clk 0:00:50]} Qe5
{[%clk 0:08:52]} 44. Nf2 {[%clk 0:00:35]} Bf5 {[%clk 0:05:38]} 45. Qf3
{[%clk 0:00:39]} Rf8 {[%clk 0:05:52]} 46. Bf1 {[%clk 0:00:35]} Bh7
{[%clk 0:04:46]} 47. Qh3 {[%clk 0:00:35]} Qd4 {[%clk 0:04:52]} 48. Qg3+
{[%clk 0:00:35]} Kh8 {[%clk 0:05:14]} 49. Bg2 {[%clk 0:01:03]} h5
{[%clk 0:05:23]} 0-1

[Event "2017"]
[Site "Bastia"]
[Date "2017.10.21"]
[Round "5.5"]
[White "Moussard, Jules"]
[Black "Lagarde, Maxime"]
[Result "1-0"]
[BlackElo "2594"]
[WhiteElo "2567"]
[LiveChessVersion "1.4.6"]

1. Nf3 {[%clk 1:30:23]} Nf6 {[%clk 1:30:27]} 2. g3 {[%clk 1:30:41]} b5
{[%clk 1:30:43]} 3. e3 {[%clk 1:28:01]} Ba6 {[%clk 1:24:55]} 4. Bg2
{[%clk 1:19:08]} e6 {[%clk 1:22:21]} 5. O-O {[%clk 1:19:03]} c5 {[%clk 1:15:27]}
6. d4 {[%clk 1:16:34]} Nc6 {[%clk 1:11:30]} 7. Re1 {[%clk 1:09:16]} d5
{[%clk 1:08:50]} 8. c3 {[%clk 1:05:30]} Bb7 {[%clk 0:59:18]} 9. Qe2
{[%clk 0:56:50]} a6 {[%clk 0:58:04]} 10. Nbd2 {[%clk 0:57:05]} Be7
{[%clk 0:52:26]} 11. b3 {[%clk 0:47:24]} O-O {[%clk 0:44:07]} 12. Bb2
{[%clk 0:47:37]} cxd4 {[%clk 0:34:10]} 13. exd4 {[%clk 0:47:41]} Nd7
{[%clk 0:31:47]} 14. a4 {[%clk 0:45:06]} bxa4 {[%clk 0:30:53]} 15. Rxa4
{[%clk 0:43:33]} a5 {[%clk 0:30:28]} 16. Rea1 {[%clk 0:42:52]} Ba6
{[%clk 0:27:58]} 17. Qd1 {[%clk 0:42:48]} Bf6 {[%clk 0:24:52]} 18. R4a3
{[%clk 0:38:35]} Qb6 {[%clk 0:24:06]} 19. Nf1 {[%clk 0:35:55]} Rfb8
{[%clk 0:21:32]} 20. N3d2 {[%clk 0:36:14]} Bd3 {[%clk 0:13:49]} 21. Ne3
{[%clk 0:34:59]} h6 {[%clk 0:12:55]} 22. h4 {[%clk 0:34:39]} Ra7 {[%clk 0:11:51]}
23. Kh1 {[%clk 0:30:40]} Bh7 {[%clk 0:06:51]} 24. Ra4 {[%clk 0:29:32]} Qd8
{[%clk 0:06:32]} 25. R4a2 {[%clk 0:27:58]} Nb6 {[%clk 0:04:44]} 26. Ba3
{[%clk 0:26:07]} e5 {[%clk 0:02:35]} 27. Nf3 {[%clk 0:22:48]} e4 {[%clk 0:02:46]}
28. Nd2 {[%clk 0:22:48]} Nc8 {[%clk 0:01:59]} 29. Bc5 {[%clk 0:23:09]} Rab7
{[%clk 0:02:09]} 30. Qh5 {[%clk 0:23:33]} Rd7 {[%clk 0:01:31]} 31. Bh3
{[%clk 0:17:52]} Bg6 {[%clk 0:01:56]} 32. Qg4 {[%clk 0:18:16]} Rc7
{[%clk 0:01:54]} 33. Qf4 {[%clk 0:18:34]} Be7 {[%clk 0:01:39]} 34. Nxd5
{[%clk 0:18:33]} Bxc5 {[%clk 0:01:21]} 35. Qxc7 {[%clk 0:18:30]} Qxd5
{[%clk 0:01:11]} 36. dxc5 {[%clk 0:18:56]} N8e7 {[%clk 0:01:08]} 37. Qd6
{[%clk 0:18:52]} Qh5 {[%clk 0:01:09]} 38. Rxa5 {[%clk 0:17:53]} Kh7
{[%clk 0:01:28]} 39. Ra7 {[%clk 0:16:06]} Nc8 {[%clk 0:00:37]} 40. Qxc6
{[%clk 0:15:11]} Nxa7 {[%clk 0:01:05]} 41. Qc7 {[%clk 0:13:28]} e3
{[%clk 0:01:06]} 42. fxe3 {[%clk 0:13:32]} Re8 {[%clk 0:00:35]} 43. Bg2
{[%clk 0:10:41]} Nb5 {[%clk 0:01:02]} 44. Qc6 {[%clk 0:10:01]} Rxe3
{[%clk 0:01:27]} 45. Nf1 {[%clk 0:10:09]} Rxc3 {[%clk 0:00:32]} 46. Qxb5
{[%clk 0:10:19]} Rxc5 {[%clk 0:00:44]} 47. Qb8 {[%clk 0:10:16]} Rb5
{[%clk 0:00:52]} 48. Qd8 {[%clk 0:10:12]} Rxb3 {[%clk 0:00:46]} 49. Ra8
{[%clk 0:08:02]} Bd3 {[%clk 0:01:12]} 50. Rc8 {[%clk 0:05:40]} Qf5
{[%clk 0:00:33]} 51. Ne3 {[%clk 0:05:48]} Qf2 {[%clk 0:00:33]} 52. Qg8+
{[%clk 0:05:38]} Kg6 {[%clk 0:01:02]} 53. Rc6+ {[%clk 0:05:58]} Kh5
{[%clk 0:01:21]} 54. Qxg7 {[%clk 0:05:46]} Qxe3 {[%clk 0:00:35]} 55. Qxh6+
{[%clk 0:05:51]} 1-0